01004nas a2200241Ia 4500001001100000003000900011008004100020040001300061040001300074041001300087100003800100210002100138222002100159245009700180250001100277260003600288501008600324300001000410310001200420362003400432500026000466650003600726R022/42859IT-RoPAU151124c99999999xx |||||||||||| ||und|| aIT-RoPAU cIT-RoPAU aITALIANO aAA.VV. gCodice Aut. SPICS: 12000 aINFORMAZIONI MCS aInformazioni Mcs aINFORMAZIONI MCS, ANNO 04-N.10 (OTTOBRE 1961)bInformazioni Mcs, Anno 04-N.10 (Ottobre 1961) a1a ed. aVICENZAbINFORMAZIONI MCSc1961 bPaulus - SPICS - Società San Paolo EM (non-commercial uses only)cCopyright2015 a32 p. aMENSILE aANNO 004, N.10 (OTTOBRE 1961) aBollettino della Commissione Regionale Dello Spettacolo per le Diocesi Venete. Esortazione del Papa per un Cinema Artistico ed Educativo. Assemblea Diocesana Acec. Documentazioni: Pontificia Commissione per la Cinematografia, Radio e Televisione. Schede F aCINEMAvPUBBLICAZIONE PERIODICA